000 00282nam a22001337a 4500
008 170817b xxu||||| |||| 00| 0 eng d
020 _a9780495018063
041 _aeng
080 _26TH
_a51
100 _a36
101 _aMAT
245 _aMATHEMATICS
_cJOHNSON
942 _2udc
_cBK
999 _c23820
_d23820